Les Pays les Plus Dangereux en 2024 - Statistiques

Statistiques générales
  • Ce quiz a été pris 1 204 fois
  • Le résultat moyen est 5 sur 8
Statistiques - réponses
Rang Continent Pays % Correct
8 Europe Ukraine
82%
7 Asie Afghanistan
78%
6 Asie Irak
77%
5 Asie Syrie
72%
2 Afrique Somalie
65%
3 Afrique Libye
52%
1 Afrique Soudan du Sud
49%
4 Asie Yémen
48%
Aucun quiz correspondant
Distribution des résultats
% des personnes avec chaque résultat
Percentile par nombre de réponses
Votre historique - résultats
Vous n’avez pas pris ce quiz